header

How much is an ecosystem worth? (Record no. 67030)

MARC details
000 -LEADER
fixed length control field 01272nam a2200289 a 4500
245 00 - TITLE STATEMENT
Title How much is an ecosystem worth?
260 ## - PUBLICATION, DISTRIBUTION, ETC. (IMPRINT)
Place of publication Washington, DC :
Name of publisher IUCN, the Nature Conservancy, the World Bank,
Year of publication c2005.
300 ## - PHYSICAL DESCRIPTION
Number of Pages ix,33 p. :
Other physical details ill.
650 #0 - SUBJECT ADDED ENTRY--TOPICAL TERM
Topical Term Environmental protection
Topical Term Environmental policy
856 40 - ELECTRONIC LOCATION AND ACCESS
Uniform Resource Identifier http://site.ebrary.com/lib/rucke/Doc?id=10085127

No items available.

© 2026 Rongo University
Contact us: librarian | system librarian | Rongo university